[Event "Basel Easter op"]
[Site "Basel"]
[Date "2023.04.09"]
[Round "6"]
[White "Foerster Yialamas, Lucas"]
[Black "Baumegger, Siegfried"]
[Result "0-1"]
[WhiteElo "2205"]
[BlackElo "2430"]
[PlyCount "110"]
[EventDate "2023.04.06"]
[EventType "swiss"]
[EventRounds "9"]
[EventCountry "SUI"]
[SourceTitle "EXT 2024"]
[Source "ChessBase"]
[SourceDate "2023.10.10"]
[SourceVersion "1"]
[SourceVersionDate "2023.10.10"]
[SourceQuality "1"]

1. e4 e5 2. Nf3 Nc6 3. Bb5 g6 4. c3 a6 5. Ba4 d6 6. 0-0 Bg7 7. d4 Bd7 8. Bg5 f6 9. Be3 Nh6 10. dxe5 dxe5 11. Qd5 Qe7 12. Bc5 Qf7 13. Bb3 Qxd5 14. Bxd5 Nd8 15. Nbd2 Ne6 16. Nb3 0-0-0 17. Rad1 b6 18. Be7 Rde8 19. Ba3 Ba4 20. g3 Nf7 21. Rd3 Bf8 22. Bxf8 Rhxf8 23. Nfd2 Nd6 24. f4 exf4 25. gxf4 Bb5 26. c4 Bd7 27. Nd4 Nxd4 28. Rxd4 c5 29. Rd3 Kc7 30. Re1 Re7 31. Ra3 a5 32. Rae3 Rfe8 33. Kf2 g5 34. fxg5 fxg5 35. Nb1 Nf7 36. Bxf7 Rxf7+ 37. Rf3 Rxf3+ 38. Kxf3 Rf8+ 39. Kg2 Kd6 40. Nc3 Ke5 41. Nd5 Bc6 42. Kg3 h5 43. h3 a4 44. Re2 Rf1 45. Nxb6 Bxe4 46. Nd7+ Kd4 47. Rxe4+ Kxe4 48. Nxc5+ Ke3 49. Nxa4 Rf3+ 50. Kg2 Rf2+ 51. Kg1 Kf3 52. c5 g4 53. hxg4 hxg4 54. Nb6 Rxb2 55. Nc4 Rb1+ 0-1

[Event "Basel Easter op"]
[Site "Basel"]
[Date "2023.04.06"]
[Round "1"]
[White "Foerster Yialamas, Lucas"]
[Black "Schnell, Simon"]
[Result "1-0"]
[WhiteElo "2205"]
[BlackElo "2041"]
[PlyCount "49"]
[EventDate "2023.04.06"]
[EventType "swiss"]
[EventRounds "9"]
[EventCountry "SUI"]
[SourceTitle "CBM 213 Extra"]
[Source "ChessBase"]
[SourceDate "2023.05.31"]
[SourceVersion "1"]
[SourceVersionDate "2023.05.31"]
[SourceQuality "1"]

1. e4 c6 2. d4 d5 3. e5 Bf5 4. h4 Qc7 5. c4 e6 6. Nc3 h6 7. g4 Bh7 8. h5 Ne7 9. Be3 dxc4 10. Bxc4 Nd7 11. Rc1 Nb6 12. Bb3 Qd7 13. Nge2 Ned5 14. Nxd5 Nxd5 15. Nc3 Nxc3 16. bxc3 Ba3 17. g5 hxg5 18. Bxg5 Bxc1 19. Qxc1 c5 20. h6 gxh6 21. Bf6 Rf8 22. Qxh6 Bg8 23. Bg7 cxd4 24. Bxf8 dxc3 25. Bd6 1-0

[Event "Titled Tuesday intern op 28th Mar Late"]
[Site "Chess.com INT"]
[Date "2023.03.28"]
[Round "7"]
[White "Foerster Yialamas, Lucas"]
[Black "Fajdetic, Hrvoje"]
[Result "1-0"]
[WhiteElo "2205"]
[BlackElo "2151"]
[PlyCount "95"]
[EventDate "2023.03.28"]
[EventType "swiss (blitz)"]
[EventRounds "11"]
[EventCountry "USA"]
[SourceTitle "EXT 2024"]
[Source "ChessBase"]
[SourceDate "2023.10.10"]
[SourceVersion "1"]
[SourceVersionDate "2023.10.10"]
[SourceQuality "1"]

1. e4 c5 2. Nf3 a6 3. c4 Nc6 4. d4 cxd4 5. Nxd4 g6 6. Nc3 Bg7 7. Be3 d6 8. Qd2 Nf6 9. Be2 0-0 10. h4 h5 11. 0-0-0 Qa5 12. f3 Nxd4 13. Bxd4 Be6 14. Kb1 Rfc8 15. Nd5 Qxd2 16. Rxd2 Bxd5 17. cxd5 Nd7 18. Be3 b5 19. g4 hxg4 20. fxg4 Bf6 21. h5 g5 22. Bd4 Ne5 23. b3 Rc7 24. Rc1 Rac8 25. Rxc7 Rxc7 26. Rc2 Rxc2 27. Kxc2 Nxg4 28. Bxg4 Bxd4 29. b4 Bb6 30. a3 a5 31. Be2 axb4 32. axb4 e6 33. Bxb5 exd5 34. exd5 f5 35. Kd3 Kg7 36. Bd7 Kf6 37. h6 Kg6 38. Bxf5+ Kxh6 39. Bg4 Kg6 40. Kc4 Kf6 41. Kb5 Bd4 42. Kc6 Ke5 43. b5 Bc5 44. Be6 Bd4 45. b6 Bxb6 46. Kxb6 g4 47. Kc6 g3 48. Bh3 1-0

[Event "Titled Tuesday intern op 28th Mar Late"]
[Site "Chess.com INT"]
[Date "2023.03.28"]
[Round "1"]
[White "Foerster Yialamas, Lucas"]
[Black "Gokerkan, Cem Kaan"]
[Result "1/2-1/2"]
[WhiteElo "2205"]
[BlackElo "2486"]
[PlyCount "118"]
[EventDate "2023.03.28"]
[EventType "swiss (blitz)"]
[EventRounds "11"]
[EventCountry "USA"]
[SourceTitle "EXT 2024"]
[Source "ChessBase"]
[SourceDate "2023.10.10"]
[SourceVersion "1"]
[SourceVersionDate "2023.10.10"]
[SourceQuality "1"]

1. e3 a6 2. d4 b5 3. a4 Bb7 4. axb5 axb5 5. Rxa8 Bxa8 6. Nf3 b4 7. c3 e6 8. Qa4 Bxf3 9. gxf3 bxc3 10. Nxc3 Nf6 11. e4 Be7 12. e5 Nd5 13. Nxd5 exd5 14. Rg1 0-0 15. Bh6 g6 16. Bxf8 Qxf8 17. f4 Nc6 18. f5 Bb4+ 19. Kd1 Qh6 20. Qa8+ Bf8 21. fxg6 hxg6 22. Rg4 Qxh2 23. e6 Qxf2 24. Bd3 fxe6 25. Qe8 Ne7 26. Rxg6+ Nxg6 27. Qxg6+ Bg7 28. Qe8+ Qf8 29. Qxd7 Qf3+ 30. Be2 Qh1+ 31. Kc2 Qe4+ 32. Bd3 Qxd4 33. Qxe6+ Kf8 34. Qc8+ Ke7 35. Qxc7+ Kf6 36. Qd6+ Kg5 37. Qg6+ Kf4 38. Qf7+ Bf6 39. Qc7+ Kf3 40. Qc3 Qa4+ 41. Qb3 Qc6+ 42. Kd2 Bg5+ 43. Ke1 Qc1+ 44. Qd1+ Qxd1+ 45. Kxd1 Ke3 46. Kc2 Bf6 47. b4 Be7 48. b5 Bc5 49. Kc3 d4+ 50. Kc4 Bb6 51. Bf1 Kf2 52. Bd3 Ke3 53. Bb1 Ba7 54. Bd3 Kd2 55. Bf5 Ke3 56. Kd5 d3 57. Bxd3 Kxd3 58. Kc6 Bd4 59. b6 Bxb6 1/2-1/2

[Event "Titled Tuesday intern op 21st Mar Late"]
[Site "Chess.com INT"]
[Date "2023.03.21"]
[Round "1"]
[White "Albornoz Cabrera, Carlos Daniel"]
[Black "Foerster Yialamas, Lucas"]
[Result "1-0"]
[WhiteElo "2583"]
[BlackElo "2205"]
[PlyCount "53"]
[EventDate "2023.03.21"]
[EventType "swiss (blitz)"]
[EventRounds "11"]
[EventCountry "USA"]
[SourceTitle "EXT 2024"]
[Source "ChessBase"]
[SourceDate "2023.10.10"]
[SourceVersion "1"]
[SourceVersionDate "2023.10.10"]
[SourceQuality "1"]

1. d4 Nf6 2. Nf3 e6 3. c4 c6 4. Nc3 d5 5. Bg5 Be7 6. e3 h6 7. Bh4 0-0 8. Bd3 a6 9. c5 Nbd7 10. b4 b5 11. a4 Bb7 12. 0-0 Re8 13. Bg3 Nh5 14. Be5 Nxe5 15. Nxe5 Nf6 16. f4 Qc7 17. a5 Nd7 18. Qh5 Nxe5 19. fxe5 Bg5 20. Rf3 Qe7 21. Raf1 g6 22. Qg4 h5 23. Qg3 Rf8 24. Ne2 Kg7 25. Rf6 Kh6 26. h4 Bxf6 27. exf6 1-0

[Event "Titled Tuesday intern op 21st Mar Late"]
[Site "Chess.com INT"]
[Date "2023.03.21"]
[Round "5"]
[White "Danielyan, Vahe"]
[Black "Foerster Yialamas, Lucas"]
[Result "0-1"]
[WhiteElo "2307"]
[BlackElo "2205"]
[PlyCount "56"]
[EventDate "2023.03.21"]
[EventType "swiss (blitz)"]
[EventRounds "11"]
[EventCountry "USA"]
[SourceTitle "EXT 2024"]
[Source "ChessBase"]
[SourceDate "2023.10.10"]
[SourceVersion "1"]
[SourceVersionDate "2023.10.10"]
[SourceQuality "1"]

1. d4 d5 2. Nf3 c5 3. e3 e6 4. b3 a6 5. Bb2 b5 6. Nbd2 Nf6 7. Bd3 c4 8. bxc4 bxc4 9. Be2 Nc6 10. 0-0 Rb8 11. Bc3 Ba3 12. Ne5 Ne7 13. f4 Nf5 14. Rf3 Qc7 15. g4 Nd6 16. g5 Nfe4 17. Nxe4 Nxe4 18. Be1 f6 19. Ng4 e5 20. Rf1 exd4 21. Qxd4 Be6 22. gxf6 Bb2 23. fxg7 Bxd4 24. exd4 Qxg7 25. f5 Qxd4+ 26. Kh1 Qxa1 27. fxe6 Rf8 28. Rg1 Rb1 0-1